000 00971nam a2200253Ia 4500
003 CO-CtgCURN
005 20250408213711.0
008 190723s9999 xx 000 0 und d
020 _a9586763609
040 _aCO-CtgCURN
_bspa
_ccoctgcurn
082 _a346.092
_bB389d
100 _aBecerra Leon, Henry Alberto
245 0 _aDerecho comercial de los titulos-valores :
_bincluye aplicación de las leyes 791 de 2002 y 794 de 2003 /
_cHenry Alberto Becerra Leon
250 _a4 edición
260 _aBogotá, Colombia :
_bEdiciones Doctrina y Ley,
_c2006
300 _a486 páginas ;
_c24 centímetros
504 _aIncluye referencias bibliográficas (p. 485-486)
521 _aAREA PROFESIONAL
590 _aPrograma de Derecho_18
650 _aDerecho comercial
942 _cBK
_h346.092
_iB389d
_01
_2ddc
_n0
999 _c29418
_d29418